| 000 | 00862cam a22002655a 4500 | ||
|---|---|---|---|
| 001 | 016515872 | ||
| 003 | OSt | ||
| 005 | 20160117155504.0 | ||
| 008 | 130821t2014 moua frb 001 0 eng d | ||
| 020 | _a9781455740062 (pbk.) | ||
| 040 |
_aStDuBDS _beng _cStDuBDS _dEG-ScBUE |
||
| 082 | 0 | 4 |
_a636.089696 _222 _bBOW |
| 100 | 1 |
_aBowman, Dwight D. _939065 |
|
| 245 | 1 | 0 |
_aGeorgis' parasitology for veterinarians / _cDwight D. Bowman. |
| 246 | 3 | 0 | _aParasitology for veterinarians |
| 250 | _a10th ed. | ||
| 260 |
_aSt. Louis : _bElsevier Saunders, _cc.2014. |
||
| 300 |
_axi, 477 p. : _bill. (col.) ; _c28 cm. |
||
| 500 | _aIndex : p. 451-477. | ||
| 504 | _aIncludes bibliographical references. | ||
| 650 | 7 |
_aVeterinary parasitology. _2BUEsh _939066 |
|
| 650 | 7 |
_aVeterinary medicine. _2BUEsh _939067 |
|
| 653 |
_bPPhrm _cJuly2015 _cJanuary2016 |
||
| 942 | _2ddc | ||
| 999 |
_c20190 _d20162 |
||